MARC details
| 000 -LEADER |
| fixed length control field |
01524nam a2200361Ii 4500 |
| 001 - CONTROL NUMBER |
| control field |
53394859 |
| 003 - CONTROL NUMBER IDENTIFIER |
| control field |
OCoLC |
| 005 - DATE AND TIME OF LATEST TRANSACTION |
| control field |
20220628130615.0 |
| 008 - FIXED-LENGTH DATA ELEMENTS--GENERAL INFORMATION |
| fixed length control field |
031111s1999 sp a j 000 1 spa d |
| 020 ## - INTERNATIONAL STANDARD BOOK NUMBER |
| International Standard Book Number |
8426128785 |
| 020 ## - INTERNATIONAL STANDARD BOOK NUMBER |
| International Standard Book Number |
9788426128782 |
| 040 ## - CATALOGING SOURCE |
| Original cataloging agency |
TXA |
| Transcribing agency |
TXA |
| Modifying agency |
MVP |
| 041 1# - LANGUAGE CODE |
| Language code of text/sound track or separate title |
spa |
| Language code of original |
ger |
| 100 1# - MAIN ENTRY--PERSONAL NAME |
| Personal name |
Schreiber-Wicke, Edith. |
| Authority record control number |
http://id.loc.gov/authorities/names/n86117657. |
| 240 10 - UNIFORM TITLE |
| Uniform title |
<a href="Rabe, der anders war.">Rabe, der anders war.</a> |
| Language of a work |
Spanish. |
| 245 13 - TITLE STATEMENT |
| Title |
Un cuervo diferente / |
| Statement of responsibility, etc. |
Edith Schreiber-Wicke, Carola Holland ; [traduccion de Christiane Scheurer]. |
| 250 ## - EDITION STATEMENT |
| Edition statement |
2. ed. |
| 264 #1 - PRODUCTION, PUBLICATION, DISTRIBUTION, MANUFACTURE, AND COPYRIGHT NOTICE |
| Place of production, publication, distribution, manufacture |
Barcelona : |
| Name of producer, publisher, distributor, manufacturer |
Juventud, |
| Date of production, publication, distribution, manufacture, or copyright notice |
1999. |
| 300 ## - PHYSICAL DESCRIPTION |
| Extent |
1 v. (unpaged) : |
| Other physical details |
ill. (some col.) ; |
| Dimensions |
26 cm. |
| 336 ## - CONTENT TYPE |
| Content type term |
text |
| Content type code |
txt |
| Source |
rdacontent. |
| 337 ## - MEDIA TYPE |
| Media type term |
unmediated |
| Media type code |
n |
| Source |
rdamedia. |
| 338 ## - CARRIER TYPE |
| Carrier type term |
volume |
| Carrier type code |
nc |
| Source |
rdacarrier. |
| 490 1# - SERIES STATEMENT |
| Series statement |
Coleccion cuadrada. |
| 500 ## - GENERAL NOTE |
| General note |
Translation of: Der Rabe, der anders war. |
| 520 ## - SUMMARY, ETC. |
| Summary, etc. |
Un cuervo multicolor esta rechazado por sus companeros, pero resulta que la situacion es algo diferente de lo que parece. |
| 520 ## - SUMMARY, ETC. |
| Summary, etc. |
A multicolored crow is rejected by his companions, but all is not what it seems. |
| 650 #0 - SUBJECT ADDED ENTRY--TOPICAL TERM |
| Topical term or geographic name as entry element |
Crows |
| Authority record control number |
http://id.loc.gov/authorities/subjects/sh85034351 |
| Form subdivision |
Fiction. |
| Authority record control number |
http://id.loc.gov/authorities/subjects/sh99001562. |
| 650 #7 - SUBJECT ADDED ENTRY--TOPICAL TERM |
| Topical term or geographic name as entry element |
Cuervos |
| General subdivision |
Novela. |
| Source of heading or term |
bidex. |
| 655 #7 - INDEX TERM--GENRE/FORM |
| Genre/form data or focus term |
Fiction. |
| Source of term |
lcgft |
| Authority record control number |
http://id.loc.gov/authorities/genreForms/gf2014026339. |
| 700 1# - ADDED ENTRY--PERSONAL NAME |
| Personal name |
Holland, Carola. |
| Authority record control number |
http://id.loc.gov/authorities/names/n97087322. |
| 830 #0 - SERIES ADDED ENTRY--UNIFORM TITLE |
| Uniform title |
Coleccion cuadrada. |
| 942 ## - ADDED ENTRY ELEMENTS (KOHA) |
| Koha item type |
Libro/Book |
| Source of classification or shelving scheme |
Dewey Decimal Classification |